| 000 | 00627cam a22002173a 4500 | ||
|---|---|---|---|
| 001 | 41803 | ||
| 003 | PGUSA | ||
| 005 | 20140828083937.0 | ||
| 008 | 130108s2013||||xxu|||||s|||||000 | eng d | ||
| 040 |
_aPGUSA _beng |
||
| 042 | _adc | ||
| 100 | 1 |
_aCrockett, S. R. _q(Samuel Rutherford), _d1860-1914 |
|
| 245 | 1 | 0 |
_aJoan of the Sword Hand _h[electronic resource] / _cS. R. Crockett |
| 260 |
_bProject Gutenberg, _c2013 |
||
| 506 | _aPublic domain in the USA. | ||
| 516 | _aElectronic text | ||
| 700 | 1 | _aRichards, Frank | |
| 830 | 0 |
_aProject Gutenberg _v41803 |
|
| 856 | 4 | 0 | _uhttp://www.gutenberg.org/ebooks/41803 |
| 942 | _cEB | ||
| 999 |
_c271055 _d271055 |
||